00909nam a22002777a 4500003000500000005001700005008004100022010001000063011001000073035001000083040000900093082002100102111012900123245006500252260003100317300001100348490006500359650001200424650001400436650001000450650002800460650001300488700002700501700003800528830006500566CHAP20220329141041.0971013s1994 r 10010 d a61885 a62857 a67033 cCHAP a635.65bI52 199200aInternational Food Legume Research Conference on Pea, Lentil, Faba Bean, Chickpea and Grasspea (n2d: 1992c: Cairo, Egypt) aExpanding the production and use of cool season food legumes aDordrecht :bKluwer,c1994 a991 p. aCurrent plant science and biotechnology in agriculturev; 1914aArveja.14aGarbanzo.14aHaba.14aLeguminosasxCongresos.14aLenteja.0 aKaiser, Walter J.eed.0 aMuehlbauer, Frederick Josepheed.0 aCurrent plant science and biotechnology in agriculturev; 19